Logo CIB grande

FLUID MECHANICS (Registro nro. 228789)

Detalles MARC
000 -LEADER
campo de control de longitud fija 00577nam a2200229Ia 4500
005 - FECHA Y HORA DE LA ÚLTIMA TRANSACCIÓN
campo de control 20250425162421.0
008 - DATOS DE LONGITUD FIJA--INFORMACIÓN GENERAL
campo de control de longitud fija 250425s9999 xx 000 0 und d
020 ## - NÚMERO INTERNACIONAL ESTÁNDAR DEL LIBRO
Número Internacional Estándar del Libro 0070622426
041 ## - CÓDIGO DE IDIOMA
Código de lengua del texto/banda sonora o título independiente eng
082 ## - NÚMERO DE LA CLASIFICACIÓN DECIMAL DEWEY
Número de clasificación 532
010 ## - NÚMERO DE CONTROL DE LA BIBLIOTECA DEL CONGRESO
Número de control de LC 70228
100 ## - ENTRADA PRINCIPAL--NOMBRE DE PERSONA
Nombre de persona STREETER, VICTOR L.
245 #0 - MENCIÓN DEL TÍTULO
Título FLUID MECHANICS
250 ## - MENCION DE EDICION
Mención de edición 8 ED
260 ## - PUBLICACIÓN, DISTRIBUCIÓN, ETC.
Lugar de publicación, distribución, etc. Estados Unidos
Nombre del editor, distribuidor, etc. MC GRAW HILL BOOK COMPANY
Fecha de publicación, distribución, etc. 1985
260 ## - PUBLICACIÓN, DISTRIBUCIÓN, ETC.
Lugar de publicación, distribución, etc. NEW YORK
300 ## - DESCRIPCIÓN FÍSICA
Extensión 583
500 ## - NOTA GENERAL
Nota general INV. D-65854 DONADO POR ING. PATIÑO FIMCP
650 ## - PUNTO DE ACCESO ADICIONAL DE MATERIA--TÉRMINO DE MATERIA
Término de materia o nombre geográfico como elemento de entrada MECANICA DE FLUIDOS
700 ## - ENTRADA AGREGADA--NOMBRE PERSONAL
Nombre de persona WYLIE, E. BENJAMIN
942 ## - ELEMENTOS DE ENTRADA SECUNDARIOS (KOHA)
Tipo de ítem Koha Libros
Existencias
Estatus retirado Estado de pérdida Estado de daño No para préstamo Biblioteca de origen Biblioteca actual Fecha de adquisición Coste, precio normal de compra Total de préstamos Código de barras Copia número
        FACULTAD DE INGENIERIA MECANICA Y CIENCIAS DE LA PRODUCCION FACULTAD DE INGENIERIA MECANICA Y CIENCIAS DE LA PRODUCCION 17/11/2009 10.00   D-65854 1

Copyright 2025 ESPOL. Todos los derechos reservados.